000 01086nam a2200289 i 4500
001 000005051
003 DO-SdBNP
005 20230518145911.0
007 ta
008 090729s1949 dr r 001 0 spa d
040 _aDO-SdBNP
_bspa
_cBNPHU
_erda
082 4 _a342.06
_bT853e 1949
_222
100 1 _aTroncoso de la Concha, M. de J.,
_d1878-1955
_914534
_eautor
245 1 0 _aElementos de derecho administrativo :
_bcon aplicación a las leyes de la República Domincana /
_cM. de J. Troncoso de la Concha.
250 _a3a. ed.
264 _aCiudad Trujillo, República Dominicana :
_bMontalvo,
_c1949
300 _a400 páginas ;
_c24 cm.
336 _2rdacontent
_atexto
_btxt
337 _2rdamedia
_asin mediación
_bn
338 _2rdacarrier
_avolumen
_bnc
500 _aIncluye referencias bibliográficas y notas al pie de las páginas.
590 _aInventariado, 2018/BT
650 4 _aDerecho administrativo
_xLegislación
_zRepública Dominicana
_914533
650 4 _aLeyes
_zRepública Dominicana
_93033
910 _aValidado. Control de calidad. EMS
942 _2ddc
_cLBS1
999 _c4856
_d4856